000 00444nam a22001577a 4500
999 _c1371
_d1371
008 200123b ||||| |||| 00| 0 eng d
082 0 0 _a621.81
_bS9696
100 _9974
_aSvensen, Carl L.
245 1 0 _aMachine drawing: A Text and problem book for technical students and draft
_cby Carl L Svensen
250 _a3rd
260 _aToronto
_bVan-Nostrand
_c1948
300 _ax,280p.
365 _d14.10
650 0 _aMachine Drawing
942 _cBK